Normal view
MARC view
- VB SCRIPT; ASP; ACTIVE SERVER PAGES; PERL-CGI; JAVA2
Entry Topical Term
001 - CONTROL NUMBER
- control field: 63381
003 - CONTROL NUMBER IDENTIFIER
- control field: NUST
005 - DATE AND TIME OF LATEST TRANSACTION
- control field: 20210628203118.0
008 - FIXED-LENGTH DATA ELEMENTS
- fixed length control field: 210628|| aca||aabn | a|a d
040 ## - CATALOGING SOURCE
- Original cataloging agency: NUST
- Transcribing agency: NUST
150 ## - HEADING--TOPICAL TERM
- Topical term or geographic name entry element: VB SCRIPT; ASP; ACTIVE SERVER PAGES; PERL-CGI; JAVA2
670 ## - SOURCE DATA FOUND
- Source citation: Work cat.: (NUST): Deitel, P.J, Deitel, H.M, Nieto, T.R 63380, Xml, how to program, 2001
